00686nam a2200157 a 4500003000200000005001700002008004100019050003200060100002300092245018800115260009000303300002300393504004100416650003500457650003600492020250515123721.0030519s19uu xx 00 eng d aPHS BF 697.5.S43b.T36 2003 aTang, Christine O. aA Comparative study on the degree of adolescent vanity among fourth year female high school students of Parañaque National Sigh School and Ann Arbor Montessori /cChristine O. Tang. aLas Piñas City, Philippines :bSouthville International School and Colleges,c2003. a44 pages ;c28 cm. aIncludes bibliographical references. aVanityxPsychological aspects. aSelf-perception in adolescence.